Quiz Harry Potter Simple - Statistiques

Statistiques générales
  • Ce quiz a été pris 447 fois
  • Le résultat moyen est 12 sur 15
Statistiques - réponses
Question Réponse % Correct
Parrain d’Harry Potter Sirius Black
94%
Weasley qui a perdu une oreille George
93%
Petite sœur de Fleur Delacour Gabrielle
91%
Nom du chat d’Hermione Pattenrond
91%
Prénom de Slughorn Horace
89%
Sœur de Lily Evans Pétunia Dursley
88%
Quel est le prénom de ...... Bell Katie
86%
Sœur de Bellatrix Lestrange et Andromeda Narcissa Malefoy
83%
Frère d’Albus Dumbledore Abelforth Dumbledore
81%
Sorcière se transformant en scarabé Rita Skeeter
80%
Quel est le patronus de Ginny Weasley Cheval
77%
Qui est la sœur de Rowena Serdaigle Helena
72%
Dans le tome 8, qui accompagne Albus Severus Potter dans ses aventures Scorpius Malefoy
65%
Nom entier d’Albus Dumbledore Albus Perceval Wulfric Brian Dumbledore
62%
Qui est la femme de Drago Malefoy Astoria Greengrass
48%
Aucun quiz correspondant
Distribution des résultats
% des personnes avec chaque résultat
Percentile par nombre de réponses
Votre historique - résultats
Vous n’avez pas pris ce quiz